[Event "Stari Zednik"]
[Site "Stari Zednik"]
[Date "2017.06.23"]
[Round "6"]
[White "Petrovic, Nikola H"]
[Black "Sijan, Branko"]
[Result "1/2-1/2"]
[WhiteElo "1992"]
[BlackElo "1767"]
[PlyCount "51"]
[EventDate "2017.06.14"]
[EventType "swiss"]
[EventRounds "9"]
[EventCountry "SRB"]
[SourceTitle "CBM 179 Extra"]
[Source "ChessBase"]
[SourceDate "2017.08.23"]
[SourceVersion "1"]
[SourceVersionDate "2017.08.23"]
[SourceQuality "1"]

1. c4 e5 2. Nc3 Nc6 3. g3 Nf6 4. d3 d5 5. Bg2 Bb4 6. Bd2 Be6 7. cxd5 Nxd5 8. Nf3 0-0 9. 0-0 f5 10. Ng5 Rf6 11. Nxe6 Nxc3 12. Qb3 Nxe2+ 13. Kh1 Qe7 14. Nd4+ Kh8 15. Nxc6 Rxc6 16. Bxb4 Qg5 17. Bxc6 bxc6 18. Rae1 Nd4 19. Qc3 Qh5 20. Rxe5 Nf3 21. Kg2 Qg4 22. h3 Nh4+ 23. Kh2 Nf3+ 24. Kg2 Nh4+ 25. Kh2 Nf3+ 26. Kg2 1/2-1/2

[Event "Subotica-ch"]
[Site "Subotica"]
[Date "2015.03.04"]
[Round "8"]
[White "Ribar, Vladimir"]
[Black "Sijan, Branko"]
[Result "1-0"]
[WhiteElo "1823"]
[BlackElo "1803"]
[PlyCount "31"]
[EventDate "2015.02.16"]
[EventType "swiss"]
[EventRounds "9"]
[EventCountry "SRB"]
[SourceTitle "CBM 165 Extra"]
[Source "ChessBase"]
[SourceDate "2015.04.21"]
[SourceVersion "1"]
[SourceVersionDate "2015.04.21"]
[SourceQuality "1"]

1. d4 Nf6 2. c4 g6 3. Nc3 d5 4. h3 dxc4 5. e4 Bg7 6. Bxc4 c6 7. a3 0-0 8. Nge2 b5 9. Ba2 Re8 10. Bg5 Bb7 11. Qd2 Nbd7 12. e5 Nd5 13. Ne4 N7b6 14. Nd6 Bh6 15. Nxb7 Bxg5 16. Qxg5 1-0